000 01012nam a2200265Ia 4500
003 GCL
008 140319s9999 xx 000 0 ara d
020 _a5102427977
040 _aGCL /
_cGCL
082 0 4 _a005.1
_bع م
100 1 _aعلى كمال شاكر
245 1 0 _aمبادىء البرمجة لاخصائيى المكتبات والمعلومات :
_bاسس نظرية وتطبيقات عملية /
_cعلى كمال شاكر
250 _aالاولى
260 _aالقاهرة :
_bالدار المصرية اللبنانية ،
_c2007
300 _a208ص ؛
_c24 سم
490 _aاساسيات المكتبات والمعلومات
_v0
650 0 4 _aالبرمجة
650 0 4 _aاختزان واسترجاع المعلومات
650 0 4 _aالمكتبات - برامج الحاسبات
650 0 4 _aالحاسبات الالكترونية - لغات
650 0 4 _aفيجوال بيسك
650 0 4 _aالبرمجة الالية
650 0 4 _aلغةVB-NET
942 _2ddc
_cBK
999 _c9883
_d9883